|
|
|
|
| LEADER |
02088nam a2200553 4500 |
| 001 |
ocn926105822 |
| 003 |
OCoLC |
| 005 |
20170124070251.2 |
| 006 |
m o d |
| 007 |
cr ||||||||||| |
| 008 |
151021s2016 nju ob 001 0 eng |
| 010 |
|
|
|a 2015041582
|
| 040 |
|
|
|a DLC
|b eng
|e rda
|c DLC
|d YDX
|d DG1
|d N$T
|d YDXCP
|d OCLCF
|d COO
|d OCLCO
|d DEBBG
|d CCO
|d GrThAP
|
| 020 |
|
|
|a 9781118946268 (pdf)
|
| 020 |
|
|
|a 111894626X (pdf)
|
| 020 |
|
|
|a 9781118946251 (epub)
|
| 020 |
|
|
|a 1118946251 (epub)
|
| 020 |
|
|
|z 9781118946244 (cloth : alk. paper)
|
| 020 |
|
|
|a 9781118946282
|
| 020 |
|
|
|a 1118946286
|
| 020 |
|
|
|a 1118946243
|
| 020 |
|
|
|a 9781118946244
|
| 029 |
1 |
|
|a AU@
|b 000055842527
|
| 029 |
1 |
|
|a GBVCP
|b 845217119
|
| 029 |
1 |
|
|a DEBBG
|b BV043738118
|
| 035 |
|
|
|a (OCoLC)926105822
|
| 042 |
|
|
|a pcc
|
| 050 |
0 |
0 |
|a TA654.6
|
| 072 |
|
7 |
|a TEC
|x 009020
|2 bisacsh
|
| 082 |
0 |
0 |
|a 624.1/762
|2 23
|
| 049 |
|
|
|a MAIN
|
| 100 |
1 |
|
|a Li︠a︡tkher, V. M.
|q (Viktor Mikhaĭlovich)
|
| 245 |
1 |
0 |
|a Seismic loads /
|c Victor M. Lyatkher.
|
| 264 |
|
1 |
|a Hoboken, New Jersey :
|b John Wiley & Sons, Inc. ;
|a Salem, Massachusetts :
|b Scrivener Publishing LLC,
|c [2016]
|
| 300 |
|
|
|a 1 online resource.
|
| 336 |
|
|
|a text
|b txt
|2 rdacontent
|
| 337 |
|
|
|a computer
|b n
|2 rdamedia
|
| 338 |
|
|
|a online resource
|b nc
|2 rdacarrier
|
| 504 |
|
|
|a Includes bibliographical references and index.
|
| 588 |
|
|
|a Description based on print version record and CIP data provided by publisher.
|
| 650 |
|
0 |
|a Earthquake engineering.
|
| 650 |
|
0 |
|a Axial loads.
|
| 650 |
|
7 |
|a TECHNOLOGY & ENGINEERING
|x Civil
|x General.
|2 bisacsh
|
| 650 |
|
7 |
|a Axial loads.
|2 fast
|0 (OCoLC)fst00824479
|
| 650 |
|
7 |
|a Earthquake engineering.
|2 fast
|0 (OCoLC)fst00900825
|
| 655 |
|
4 |
|a Electronic books.
|
| 776 |
0 |
8 |
|i Print version:
|a Li︠a︡tkher, V. M. (Viktor Mikhaĭlovich)
|t Seismic loads
|d Hoboken, New Jersey : John Wiley & Sons, Inc. ; Salem, Massachusetts : Scrivener Publishing LLC, [2016]
|z 9781118946244
|w (DLC) 2015041243
|
| 856 |
4 |
0 |
|u https://doi.org/10.1002/9781118946282
|z Full Text via HEAL-Link
|
| 994 |
|
|
|a 92
|b DG1
|